Foro: ponencias y conclusiones /

Gespeichert in:
Bibliographische Detailangaben
Körperschaften: Costa Rica. Banco Popular y de Desarrollo Comunal, Costa Rica. Asamblea de Trabajadores del Banco Popular y de Desarrollo Comunal
Format: Text
Veröffentlicht: San José: Banco Popular y de Desarrollo Comunal
Tags: Tag hinzufügen
Keine Tags, Fügen Sie den ersten Tag hinzu!

MARC

LEADER 00000 a a2200000 04500
001 31775
003
040
090 |a 198601  
110 |a Costa Rica. Banco Popular y de Desarrollo Comunal  
245 |a Foro: ponencias y conclusiones /  |c Costa Rica. Banco Popular y de Desarrollo Comunal  
260 |a San José:   |b Banco Popular y de Desarrollo Comunal  
300 |a 70 p.  
710 |a Costa Rica. Asamblea de Trabajadores del Banco Popular y de Desarrollo Comunal  
999 |c 5387  |d 5387